|
|
|
|
| LEADER |
02109nam a2200505 i 4500 |
| 001 |
nkc20193072428 |
| 003 |
CZ PrNK |
| 005 |
20190620085236.0 |
| 007 |
ta |
| 008 |
190124s2018 xr f 100 0 cze |
| 015 |
|
|
|a cnb003072428
|
| 020 |
|
|
|a 978-80-7290-995-7
|q (brožováno)
|
| 035 |
|
|
|a (OCoLC)1089712084
|
| 040 |
|
|
|a BOA001
|b cze
|e rda
|
| 072 |
|
7 |
|a 93/94
|x Dějiny (obecně)
|2 Konspekt
|9 8
|
| 080 |
|
|
|a 93/94
|2 MRF
|
| 080 |
|
|
|a (042.3)
|2 MRF
|
| 080 |
|
|
|a (082)
|2 MRF
|
| 111 |
2 |
|
|a Letní škola historie (seminář)
|n (30. :
|d 2017 :
|c Praha, Česko)
|7 mzk20191023497
|4 aut
|
| 245 |
1 |
0 |
|a Válkám navzdory :
|b XXX. letní škola historie /
|c Jana Kohnová, Barbora Holubová, editorky
|
| 246 |
3 |
0 |
|a XXX. letní škola historie
|
| 246 |
3 |
0 |
|a Letní škola historie
|
| 264 |
|
1 |
|a Praha :
|b Univerzita Karlova, Pedagogická fakulta,
|c 2018
|
| 300 |
|
|
|a 166 stran ;
|c 21 cm
|
| 336 |
|
|
|a text
|b txt
|2 rdacontent
|
| 337 |
|
|
|a bez média
|b n
|2 rdamedia
|
| 338 |
|
|
|a svazek
|b nc
|2 rdacarrier
|
| 500 |
|
|
|a "XXX. letní školu historie pořádal Ústav profesního rozvoje pracovníků ve školství Pedagogické fakulty UK ve dnech 1. až 5. července 2017"--Rub titulní stránky
|
| 500 |
|
|
|a Podnázev v tiráži: soubor odborných statí
|
| 504 |
|
|
|a Obsahuje bibliografie a bibliografické odkazy
|
| 650 |
0 |
7 |
|a dějiny
|7 ph114390
|2 czenas
|
| 650 |
0 |
9 |
|a history
|2 eczenas
|
| 655 |
|
7 |
|a přednášky
|7 fd133199
|2 czenas
|
| 655 |
|
7 |
|a sborníky
|7 fd163935
|2 czenas
|
| 655 |
|
9 |
|a lectures
|2 eczenas
|
| 655 |
|
9 |
|a papers of several authors
|2 eczenas
|
| 700 |
1 |
|
|a Kohnová, Jana,
|d 1942-
|7 ola2004253689
|4 edt
|
| 700 |
1 |
|
|a Holubová, Barbora,
|d 1977-
|7 mzk2011651652
|4 edt
|
| 710 |
2 |
|
|a Univerzita Karlova.
|b Ústav profesního rozvoje pracovníků ve školství
|7 kn20030828006
|4 orm
|
| 910 |
2 |
|
|a BOA001
|b 2-1421.547
|
| 990 |
|
|
|a BK
|
| 995 |
|
|
|a 01
|
| 991 |
|
|
|b 201902
|c NOV
|
| 996 |
6 |
|
|b 2610769348
|c 2-1421.547
|l MZK
|r Sklad / do 1 hodiny
|n 0
|p p.v.
|w 001705386
|u 000010
|a 1
|e BOA001
|j MZK50
|s P
|
| 996 |
7 |
|
|b 2610786563
|c 2-1421.547
|l Vol.výběr
|r VV 1p
|n 3
|p dar
|h 93/94 LET
|w 001705386
|u 000020
|a 0
|e BOA001
|j MZK50
|s A
|